Manufacture of dark factice from rubber seed oil (Record no. 62509)

MARC details
000 -LEADER
fixed length control field 00382nam a2200133Ia 4500
100 ## - MAIN ENTRY--AUTHOR NAME
Personal name Fernando M R N
245 #0 - TITLE STATEMENT
Title Manufacture of dark factice from rubber seed oil
260 ## - PUBLICATION, DISTRIBUTION, ETC. (IMPRINT)
Name of publisher Rubber Research Institute of Ceylon Quarterly Journal
Year of publication 1971
300 ## - PHYSICAL DESCRIPTION
Number of Pages 59-64
650 ## - SUBJECT ADDED ENTRY--TOPICAL TERM
Topical Term Dark factice
650 ## - SUBJECT ADDED ENTRY--TOPICAL TERM
Topical Term Rubber seed oil
942 ## - ADDED ENTRY ELEMENTS (KOHA)
Koha item type Journals
Holdings
Withdrawn status Lost status Damaged status Not for loan Home library Current library Shelving location Date acquired Serial Enumeration / chronology Koha item type
      Journals RRII Library RRII Library Rubber general 17/12/2021 Volume 47, Issue 04-Mar Journals